| 000 | 00351nam a2200133 i 4500 | ||
|---|---|---|---|
| 001 | bg | ||
| 245 | 0 | 0 | _aSympozjum Naukowe n.t. Wybrane problemy inżynierii środowiska. |
| 246 | _aWybrane problemy inżynierii środowiska | ||
| 260 | _aKoszalin 1978. | ||
| 040 | _cBPK | ||
| 041 | _apol | ||
| 942 | _cKS | ||
| 008 | s pl f |000 0 pol | ||
| 999 |
_c20699 _d20699 |
||
| 856 |
_uhttp://koha.tu.koszalin.pl/cgi-bin/koha/opac-detail.pl?biblionumber=20699 _yKatalog online BPK |
||